Escalated Movies Quiz Stats

 Plays Quiz Updated Jan 11, 2018

Challenge
Share
Tweet
Score 0/20 Timer 05:00
0 Plays Today
% Correct
Elf
99%
Paddington
84.7%
Rain Man
76%
Bad Santa
71.6%
The Hangover
69.9%
Clueless
65.9%
You've Got Mail
40.6%
Lost in Translation
38.5%
Cruel Intentions
33.2%
Gattaca
21%
% Correct
The Rainmaker
19.9%
The Final Destination
17.1%
Carlito's Way
15.6%
Crank
8.7%
Shall We Dance?
5.8%
The Accidental Tourist
5.8%
Mallrats
5.2%
Dawn of the Dead
4.4%
An American Werewolf in London
4.1%
Serendipity
1.9%

You're not logged in!

Compare scores with friends on all Sporcle quizzes.
OR
Log In

You Might Also Like...

Show Comments

Extras

Top Quizzes Today


Score Distribution

Your Account Isn't Verified!

In order to create a playlist on Sporcle, you need to verify the email address you used during registration. Go to your Sporcle Settings to finish the process.

Report this User

Report this user for behavior that violates our Community Guidelines.

Details: